Marvel - Mort subite #1 - Statistiques

Statistiques générales
  • Ce quiz a été pris 7 649 fois
  • Le résultat moyen est 9 sur 17
Answers on the Grid
Answers color-coded by a green-red scale on the quiz's grid according to % correct below.
Moon Knight
Jeff the shark
The Prowler
Rhino
La Chose
Bruce Banner
Winter Soldier
Captain Marvel
Namor
Professeur X
Carnage
Draxx
Leapfrog
Gamora
Spider-Woman
Ant-man
Hela
Beast Boy
Green Lantern
Batman
Cyborg
The Flash
Black Canary
Deathstroke
Green Arrow
Harley Quinn
Billy Butcher
Homelander
Atom Eve
Nathan Young
 
Statistiques - réponses
Réponse % Correct
Ant-man
76%
Captain Marvel
75%
Gamora
72%
Bruce Banner
67%
Winter Soldier
65%
Draxx
63%
Moon Knight
62%
Spider-Woman
61%
Professeur X
60%
Hela
54%
La Chose
53%
Carnage
50%
Namor
50%
Rhino
48%
The Prowler
20%
Jeff the shark
19%
Leapfrog
10%
Aucun quiz correspondant
Distribution des résultats
% des personnes avec chaque résultat
Percentile par nombre de réponses
Votre historique - résultats
Vous n’avez pas pris ce quiz